000 00381nam a2200145Ia 4500
008 221030s9999 xx 000 0 und d
041 _aEnglish
082 _a105.23
_bGup
100 _aB. R. Gupta
245 0 _aConsumer Electronics ( DEPARTMENTAL )
_cby B. R. Gupta
260 _bS.K. Kataria & Sons
_aNew Delhi
_c1999
300 _a272
650 _aECE Departmental
942 _cBK
999 _c6553
_d6553